| 000 | 00709cam a2200289ua 4500 | ||
|---|---|---|---|
| 020 |
_a81-204-0232-4 _c75.00 |
||
| 041 |
_aeng _h |
||
| 082 |
_a631.5873 _bSIV/SP |
||
| 100 | _aSivanappan, R.K . | ||
| 245 |
_aSprinkler irrigation / _cR.K.Sivanappan. _hTextual Documents |
||
| 250 |
_a / _b. |
||
| 260 |
_aNew Delhi : _bOxford & IBH Publishing company , _c1987. |
||
| 300 | _a146 ; . | ||
| 365 | _a75.00 | ||
| 504 | _a | ||
| 942 | _cBK | ||
| 999 |
_c1906 _d1906 |
||